|
|
|
|
| LEADER |
00000nam2a2200000 4500 |
| 001 |
308738 |
| 005 |
20231102002125.0 |
| 035 |
|
|
|a (RuTPU)RU\TPU\book\334059
|
| 090 |
|
|
|a 308738
|
| 100 |
|
|
|a 20151106d1982 k y0rusy5003 ca
|
| 101 |
0 |
|
|a rus
|
| 102 |
|
|
|a RU
|
| 105 |
|
|
|a a z 001zy
|
| 200 |
0 |
|
|a Вып. 8
|
| 210 |
|
|
|d 1982
|
| 215 |
|
|
|a 151 с.
|c ил.
|
| 320 |
|
|
|a Библиография в конце статей
|
| 461 |
|
1 |
|0 (RuTPU)RU\TPU\book\208899
|t Гидравлические исследования сооружений. Очистка жидкостей
|o межвузовский научно-тематический сборник
|f Саратовский политехнический институт (СПИ)
|v Вып. 8
|d 1975-1982
|
| 606 |
1 |
|
|a Водоочистные сооружения
|x Гидравлические исследования
|2 stltpush
|3 (RuTPU)RU\TPU\subj\2867
|9 31373
|
| 610 |
1 |
|
|a водопропускные сооружения
|
| 610 |
1 |
|
|a жидкости
|
| 610 |
1 |
|
|a очистка
|
| 675 |
|
|
|a 628.16
|v 4
|
| 801 |
|
0 |
|a RU
|b RuMRKP
|c 19950704
|g psbo
|
| 801 |
|
1 |
|a RU
|b 63413507
|c 20151106
|
| 801 |
|
2 |
|a RU
|b 63413507
|c 20211019
|g RCR
|
| 942 |
|
|
|c BK
|